LEADER 01850nam a2200313 i 4500 001 000000254006 003 CaOOAMICUS 005 20241204125217.0 008 170530s1977 it u000 u ita u 040 $aSeMil$bita 100 1 $aBeck, Hans-Georg.$0(OLS)http://semarc/name/22364 240 14$aDie mittelalterliche Kirche. Vom kirchlichen Hochmittelalter bis zum Vorabend der Reformation. Das Spätmittelalter.$0(OLS)http://semarc/title/410832 245 10$a5.2: Tra Medioevo e Rinascimento :$bAvignone, Conciliarismo, Tentativi di riforma (14.-16. secolo) /$cdi Hans-Georg Beck ... [et al.] ; prefazione all'edizione italiana Attilio Agnoletto ; traduzione dei cap. 37. al cap. 54. Giorgio Mion ; dal cap. 55. al cap. 61. Riccardo Civili ; aggiornamento bibliografico Giovanni Spinelli. 300 $aXLVI, 454 p. ;$c25 cm 490 1 $aGiā e non ancora ;$v13 650 4$aChiesa - Storia - Sec. 14.-16.$0(OLS)http://semarc/subject/15416 700 1 $aAgnoletto, Attilio,$d<1926-2006>.$0(OLS)http://semarc/name/4041 700 1 $aCivili, Riccardo.$0(OLS)http://semarc/name/94229 700 1 $aMion, Giorgio.$0(OLS)http://semarc/name/18549 700 1 $aSpinelli, Giovanni,$c.$0(OLS)http://semarc/name/9591 773 0 $tStoria della Chiesa.$dMilano : Jaca Book, 1975-1995.$gVol.5$w()1532 830 0$aGiā e non ancora ;$v13.$0(OLS)http://semarc/title/5902 850 $aSeMil 852 $aSeMil$W1$xVenegono$y1$mSL1.F VI 5/2$j41718$B41718$CSeMilBibl$Z2$F41722 $8I 852 $aSeMil$W1$xVenegono$y1$m3A V 369/2$j204352$B204352$CSeMilBibl$Z2$F218107 $81 961 $aLascito: Olgiati don Giuseppe 961 $aRecupero: Seminario di Seveso 996 $6245$a5.2: Tra Medioevo e Rinascimento :$bAvignone, Conciliarismo, Tentativi di riforma (14.-16. secolo)$9(OLS)http://semarc/title/410831 LEADER 00714nam a2200193 i 4500 001 000000211089 003 CaOOAMICUS 005 20120221000000.0 008 120221s1988 it u000 u ita u 013 $a189902 040 $aSeMil$bita 245 10$a1 giugno-30 novembre. 300 $a425 p. 650 4$aMeditazioni.$0(OLS)http://semarc/subject/1352 773 0 $aBallestrero, Anastasio Alberto $tVie della contemplazione.$dCasale Monferrato (AL) : Piemme, 1988.$z88-384-1298-7$w()1124 850 $aSeMil 852 $aSeMil$W1$xVenegono$y1$m2C II 474$j161532$B161532$CSeMilBibl$Z2$F172750 $81 961 $aOmaggio: Donazione 996 $6245$a1 giugno-30 novembre$9(OLS)http://semarc/title/304973